Belorussko-russkoe pogranič'e v uslovijach Rossijskoj imperii (vtoraja polovina XVIII - pervaja polovina XIX vv.)

Titel: Belorussko-russkoe pogranič'e v uslovijach Rossijskoj imperii (vtoraja polovina XVIII - pervaja polovina XIX vv.)
Verfasser:
In: Voprosy istorii, Heft 3 (2003), Seite 116-122
alle Artikel anzeigen
Veröffentlicht: 2003
Format: Aufsatz
Sprache: Polnisch
Kein Bild verfügbar
X
alg: 39418374
001A    $01999:12-11-16 
001B    $01999:08-04-21 $t21:09:24.000 
001C    $06050:19-11-16 $t08:46:24.000 
001D    $01999:12-11-16 
001U    $0utf8 
001X    $00 
002@    $0Aox 
003@    $0394183746 
007A    $0394183746 $aHEB 
007T    $0Herdk76375 
010@    $apol 
011@    $a2003 
021A    $aBelorussko-russkoe pogranič'e v uslovijach Rossijskoj imperii (vtoraja polovina XVIII - pervaja polovina XIX vv.) 
028A    $aBorisënok $dJurij Arkad'evič 
031A    $e3 $h116-122 $j2003 
039B    $aIn $8--Abvc--. Voprosy istorii. - Moskva : OOO Z̆urnal "Voprosy istorii", 1945-. - ISSN 0042-8779 $x200300000000003884 $9047257482 
045F    $a900.94380903 $eDDC23BSB 
045F/01 $a900 
045F/03 $f0903 
045F/03 $g438 
045F/03 $g4382 
045F/03 $g43832 
045T    $a7,41 $a8 

lok: 39418374 78

exp: 39418374 78 1 #EPN
201B/01 $030-11-17 $t23:14:41.000 
201U/01 $0utf8 
203@/01 $0790294257 
208@/01 $a12-11-16 $be 
209A/01 $a/ $f000 $x00 
220C/01 $aTitelaufnehmer: pbb 
220C/01 $aHerkunft: PBB/IH PAN 
244Z/01 $2Trx $#Poola $#Lenkija $#Polija $#Polen Land $#Poland $#Lengyelország $#Poľsko $#Polsko $8--Trx--Polska$gkraj $x01 $9391345966 
244Z/01 $2Trx $#Prusy Wschodnie i Zachodnie $8--Trx--Ost- und Westpreußen $x02 $939113373X 
244Z/01 $#Belarus $#Weißrussland $#Беларусь $#Weißrussland $#Belorussland $#Belaja Rusʹ $#Respublika Belarusʹ $#Republic of Belarus $#Republic Belarus $#République du Bélarus $#Republik Weißrußland $#Ruthènie-Blanche $#Belarusʹ $74079143-9 $8--Tg1--Belarus $x03 $9085224537 
244Z/01 $2Trx $#Venemaa $#Rusija $#Krievija $#Rußland $#Russia $#Oroszország $#Rosja $#Rusko $#Rusko $8--Trx--Rossija $x04 $9391166417 
244Z/01 $aGeschichte 1750-1850 $x05 
244Z/01 $2Trx $#suhted, Valgevene-Vene $#santykiai, baltarusių ir rusų $#relations, Belorussian-Russian $#kapcsolatok, fehérorosz-orosz $#stosunki białorusko-rosyjskie $#vzťahy bielorusko-ruské $#vztahy bělorusko-ruské $8--Trx--Beziehungen, russisch-weissrussische $x06 $9391376691 
244Z/01 $2Trx $8--Trx--Zeitschriftenaufsatz $x07 $9391384341 
245Z/01 $a06.03.01 $x01 
247C/01 $82080>Marburg/Lahn, Herder-Institut, Forschungsbibliothek, Bibliographieportal $9336309341
LEADER 00000caa a22000002c 4500
001 394183746
003 DE-603
005 20210408210924.0
007 tu
008 161112s2003 xx |||| | u00||u|pol c
035 |a (DE-599)HEB394183746 
040 |a DE-603  |b ger  |c DE-603  |d DE-603 
041 |a pol 
082 0 4 |8 1\u  |a 900.94380903  |q DE-101  |2 23/BSB 
084 |a 7,41  |a 8  |2 ssgn 
085 |8 1\u  |b 900 
085 |8 1\u  |z 1  |s 0903 
085 |8 1\u  |z 2  |s 438 
085 |8 1\u  |z 2  |s 4382 
085 |8 1\u  |z 2  |s 43832 
100 1 |a Borisënok, Jurij Arkad'evič 
245 0 0 |a Belorussko-russkoe pogranič'e v uslovijach Rossijskoj imperii (vtoraja polovina XVIII - pervaja polovina XIX vv.) 
264 0 |c 2003 
773 0 8 |i In  |t Voprosy istorii  |d Moskva : OOO Z̆urnal "Voprosy istorii", 1945-  |x 0042-8779  |g Heft 3 (2003), Seite 116-122  |w (DE-603)047257482  |w (DE-600)201218-2 
924 0 |9 2080  |a (DE-603)790294257  |b DE-2080  |c HES  |d d  |g /